<?xml version="1.0" encoding="UTF-8"?>
<record
    xmlns:xsi="http://www.w3.org/2001/XMLSchema-instance"
    xsi:schemaLocation="http://www.loc.gov/MARC21/slim http://www.loc.gov/standards/marcxml/schema/MARC21slim.xsd"
    xmlns="http://www.loc.gov/MARC21/slim">

  <leader>00957nam a22002417a 4500</leader>
  <controlfield tag="003">Uzh_bibl</controlfield>
  <controlfield tag="008">260430b        |||||||| |||| 00| 0 ukr d</controlfield>
  <datafield tag="020" ind1=" " ind2=" ">
    <subfield code="a">5-319-01330-2</subfield>
    <subfield code="c">2.00</subfield>
  </datafield>
  <datafield tag="040" ind1=" " ind2=" ">
    <subfield code="b">&#x443;&#x43A;&#x440;.</subfield>
  </datafield>
  <datafield tag="041" ind1=" " ind2=" ">
    <subfield code="2">ukr</subfield>
    <subfield code="a">ukr</subfield>
  </datafield>
  <datafield tag="080" ind1=" " ind2=" ">
    <subfield code="a">94(477)</subfield>
  </datafield>
  <datafield tag="090" ind1=" " ind2=" ">
    <subfield code="a">94(477)</subfield>
    <subfield code="b">&#x41F; 40</subfield>
  </datafield>
  <datafield tag="100" ind1=" " ind2=" ">
    <subfield code="a">&#x41F;&#x43B;&#x44E;&#x449;,&#x406;&#x432;&#x430;&#x43D;</subfield>
  </datafield>
  <datafield tag="245" ind1=" " ind2=" ">
    <subfield code="a">&#x425;&#x442;&#x43E; &#x43C;&#x438;  &#x456; &#x43A;&#x443;&#x434;&#x438; &#x439;&#x434;&#x435;&#x43C;&#x43E;</subfield>
    <subfield code="h">&#x422;&#x435;&#x43A;&#x441;&#x442;</subfield>
  </datafield>
  <datafield tag="260" ind1=" " ind2=" ">
    <subfield code="b">&#x423;&#x43A;&#x440;&#x430;&#x457;&#x43D;&#x430;</subfield>
    <subfield code="a">&#x41A;&#x438;&#x457;&#x432;</subfield>
    <subfield code="c">1993</subfield>
  </datafield>
  <datafield tag="300" ind1=" " ind2=" ">
    <subfield code="a">351 &#x441;.</subfield>
  </datafield>
  <datafield tag="520" ind1=" " ind2=" ">
    <subfield code="a">&#x423; &#x43A;&#x43D;&#x438;&#x437;&#x456; &#x432;&#x43C;&#x456;&#x449;&#x435;&#x43D;&#x456; &#x434;&#x43E;&#x43F;&#x43E;&#x432;&#x456;&#x434;&#x456;,&#x432;&#x438;&#x441;&#x442;&#x443;&#x43F;&#x438;,&#x430; &#x442;&#x430;&#x43A;&#x43E;&#x436; &#x441;&#x442;&#x430;&#x442;&#x442;&#x456; &#x439; &#x456;&#x43D;&#x442;&#x435;&#x440;&#x432;&#x44E; &#x43A;&#x43E;&#x440;&#x435;&#x441;&#x43F;&#x43E;&#x43D;&#x434;&#x435;&#x43D;&#x442;&#x430;&#x43C; &#x432;&#x456;&#x442;&#x447;&#x438;&#x437;&#x43D;&#x44F;&#x43D;&#x438;&#x445; &#x456; &#x437;&#x430;&#x440;&#x443;&#x431;&#x456;&#x436;&#x43D;&#x438;&#x445; &#x437;&#x430;&#x441;&#x43E;&#x431;&#x456;&#x432; &#x43C;&#x430;&#x441;&#x43E;&#x432;&#x43E;&#x457; &#x456;&#x43D;&#x444;&#x43E;&#x440;&#x43C;&#x430;&#x446;&#x456;&#x457;  &#x406;.&#x421;.&#x41F;&#x43B;&#x44E;&#x449;&#x430;</subfield>
  </datafield>
  <datafield tag="521" ind1=" " ind2=" ">
    <subfield code="a">&#x414;&#x43B;&#x44F; &#x448;&#x438;&#x440;&#x43E;&#x43A;&#x43E;&#x433;&#x43E; &#x43A;&#x43E;&#x43B;&#x430; &#x447;&#x438;&#x442;&#x430;&#x447;&#x456;&#x432;</subfield>
  </datafield>
  <datafield tag="546" ind1=" " ind2=" ">
    <subfield code="a">&#x443;&#x43A;&#x440;.</subfield>
  </datafield>
  <datafield tag="650" ind1=" " ind2=" ">
    <subfield code="a">&#x41C;&#x430;&#x441;&#x43E;&#x432;&#x43E;-&#x43F;&#x43E;&#x43B;&#x456;&#x442;&#x438;&#x447;&#x43D;&#x435; &#x432;&#x438;&#x434;&#x430;&#x43D;&#x43D;&#x44F;</subfield>
  </datafield>
  <datafield tag="655" ind1=" " ind2=" ">
    <subfield code="v">&#x434;&#x43E;&#x43F;&#x43E;&#x432;&#x456;&#x434;&#x456;,&#x432;&#x438;&#x441;&#x442;&#x443;&#x43F;&#x438;,&#x441;&#x442;&#x430;&#x442;&#x442;&#x456;,&#x456;&#x43D;&#x442;&#x435;&#x440;&#x432;'&#x44E;</subfield>
  </datafield>
  <datafield tag="942" ind1=" " ind2=" ">
    <subfield code="2">udc</subfield>
    <subfield code="c">BK</subfield>
  </datafield>
  <datafield tag="999" ind1=" " ind2=" ">
    <subfield code="c">17587</subfield>
    <subfield code="d">17587</subfield>
  </datafield>
  <datafield tag="952" ind1=" " ind2=" ">
    <subfield code="0">0</subfield>
    <subfield code="1">0</subfield>
    <subfield code="2">udc</subfield>
    <subfield code="4">0</subfield>
    <subfield code="7">0</subfield>
    <subfield code="a">CMB</subfield>
    <subfield code="b">CMB</subfield>
    <subfield code="c">AB</subfield>
    <subfield code="d">2026-04-30</subfield>
    <subfield code="i">56080</subfield>
    <subfield code="l">0</subfield>
    <subfield code="o">94(477)</subfield>
    <subfield code="p">19353</subfield>
    <subfield code="r">2026-04-30</subfield>
    <subfield code="w">2026-04-30</subfield>
    <subfield code="y">BK</subfield>
  </datafield>
</record>
